| 000 | 00447nam a2200145 4500 | ||
|---|---|---|---|
| 001 | 127225 | ||
| 003 | ES-MaACL | ||
| 005 | 20230906192952.0 | ||
| 007 | t| | ||
| 008 | 070214s1908 sp r ||||1| spa d | ||
| 100 | 1 |
_aReymundo y Mariño, José María. _996609 |
|
| 245 | 1 | 0 |
_aEstudio sobre la debilidad congénita _b: tesis del doctorado / _cJosé María Reymundo y Mariño. |
| 260 |
_aMadrid : _b[s.n.], _c1908. |
||
| 852 |
_aES-MaACL _jT-1132-F-10 |
||
| 999 |
_c127225 _d127225 |
||